| 000 | 01220cam a2200325 i 4500 | ||
|---|---|---|---|
| 001 | 62709 | ||
| 003 | Mx-PuUPA | ||
| 005 | 20230207094205.0 | ||
| 008 | 150525s2014 mx a fr 000 0 spa d | ||
| 020 | _a9786074387223 | ||
| 040 |
_aMx-PuUPA _bspa _cMx-PuUPA _dMx-PuUPA _erda |
||
| 041 | 0 | _aspa | |
| 100 | 1 |
_aRodríguez Franco, Jesús, _eautor _913716 |
|
| 245 | 1 | 0 |
_aMatemáticas financieras / _cJesús Rodríguez Franco, Elva Cristina Rodríguez Jiménez, Alberto Isaac Pierdant Rodríguez |
| 250 | _aPrimera edición | ||
| 264 | 1 |
_aMéxico, D.F. : _bGrupo Editorial Patria, _c2014 |
|
| 300 |
_axii, 281 páginas : _bilustraciones ; _c27 cm |
||
| 336 |
_atexto _2rdacontent _btxt |
||
| 337 |
_asin medio _2rdamedia _bn |
||
| 338 |
_avolumen _2rdacarrier _bnc |
||
| 490 | 0 | _aUniversitaria Patria. Teoría, ejemplos y problemas | |
| 650 | 7 |
_2armarc _aFinanzas _xModelos matemáticos |
|
| 650 | 7 |
_2armarc _aMatemáticas financieras |
|
| 650 | 7 |
_2armarc _aNegocios _xModelos matemáticos |
|
| 700 | 1 |
_aRodríguez Jiménez, Elva Cristina, _eautor |
|
| 700 | 1 |
_aPierdant Rodríguez, Alberto Isaac, _eautor |
|
| 942 |
_2ddc _h658.15015 _iR685 _cLI |
||
| 999 |
_c62709 _d62709 |
||